00346 a2200121 450000100060000010000140000624500480002026000140006809000170008294200220009999900190012195200840014017468 aWong K.K aComputer security risk analysis and control abN.C.Cc c12909d12909 aNUST-CAEcMc3235 c252541d252541 001040708NFICaCAEbCAEd2017-04-03l0pCAE27443r2017-04-05w2017-04-05yBK